000
00309nam a22001337a 4500
008
180806b xxu||||| |||| 00| 0 eng d
082
_a
813.52
245
_a
The Practice of Nursing Research
_c
Saunders,E
260
_c
2005
300
_a
1
_f
CD
440
_x
9780721606293
760
_b
5th
942
_2
ddc
_c
MX
999
_c
46839
_d
46839